| 000 | 00508nam a22001817a 4500 | ||
|---|---|---|---|
| 003 | ASAB | ||
| 005 | 20180827062722.0 | ||
| 008 | 161207t xxu||||| |||| 00| 0 eng d | ||
| 020 | _a978-81-7910-235-0 | ||
| 040 | _cASAB | ||
| 082 | _a578.095 | ||
| 100 |
_aA. Arunachalam _92455 |
||
| 245 |
_aBiodiversity utilization & conservation _cby A. Arunachalam |
||
| 260 |
_aJaipur, India _bAavishkar Publishers, Distributors _c2008 |
||
| 300 |
_a284 P. _c23 cm |
||
| 630 |
_aBiodiversity _93712 |
||
| 942 |
_2ddc _cBK |
||
| 999 |
_c480383 _d480383 |
||